Oracle XSQL : combining SQL, Oracle text, XSLT, and Java to Publish dynamic Web content

Saved in:
Bibliographic Details
Main Author: Thomas, Michael D.
Format: Book
Language:English
Published: New York : Wiley, c2003
Subjects:
Tags: Add Tag
No Tags, Be the first to tag this record!

MARC

LEADER 00000nam a2200000 i 4500
001 1/47719
008 040127s2003 eng d
020 |a 0-471-27120-9 
035 |l 10072127 
040 |a GR-MY-UA  |b gre  |e aacr 
041 0 |a eng 
082 0 |a 005.7585  |2 (21) 
100 1 |a Thomas, Michael D. 
245 1 0 |a Oracle XSQL :  |b combining SQL, Oracle text, XSLT, and Java to Publish dynamic Web content /  |c Michael D. Thomas 
260 |a New York :   |b Wiley,   |c c2003 
300 |a xix, 572 σ.;  |b εικ.;  |c 24 εκ. 
504 |a Περιέχει βιβλιογραφία και ευρετήριο 
630 0 0 |a Oracle (Computer file) 
650 0 0 |a SQL (Computer program language) 
650 0 0 |a XSLT (Computer program language) 
650 0 0 |a Java (Computer program language) 
650 0 0 |a Web sites  |x Design. 
852 |a INST  |b LESVOS  |e 20040127  |h 005.7585 THO  |p 005100030693  |q 005100030693  |t BK  |y 0 
901 |a BIBL1-2004-1 
909 |a Λ  |b 107052 
922 |a 1ΕΛΗ  |b 200311  |c ΕΠΕΑΕΚ2/ΤΓ  |d ΜΙΧΑΛΟΠΟΥΛΟΣ 
950 |a 118-2003-09-17 
970 |a ΧΡΙΣΤΟΦΑ  |b ΝΙΚΗ  |z 2004/04/01